000
00279nam a2200121Ia 4500
008
190216s9999||||xx |||||||||||||| ||und||
100
_a
Gogosha Gupthan
245
0
_a
Hindi-Kshandra Thayyar He
260
_b
Lokapriya Prakashan
300
_a
100
650
_a
Hindi
942
_c
BK
999
_c
16270
_d
16270